| 000 | 00551nam a2200229 a 4500 | ||
|---|---|---|---|
| 001 | nice12345678 | ||
| 003 | IN_TiNIC | ||
| 005 | 20260116012151.0 | ||
| 008 | 080211s1949 lona grp 000 0 eng | ||
| 020 |
_a _c100 |
||
| 082 | 0 | 0 |
_a133.1 _bSTE |
| 100 | _aSteven, William Oliver | ||
| 245 | _aUnbidden Guests | ||
| 260 |
_aLondon _bGeorge Allen and Unwin Ltd _c1949 |
||
| 300 | _a322p | ||
| 500 | _aincludes index and biblioraphy | ||
| 505 | 2 | _aIndex | |
| 700 | 1 | _aSteven, William Oliver | |
| 902 | _bSRS | ||
| 942 | _cBK | ||
| 999 |
_c5913 _d5913 |
||